000 00572nam a2200181Ia 4500
005 20250423100609.0
008 250422s9999 xx 000 0 und d
020 _a0671741829
050 _aRG 525 .S56/
100 _aSimkin, Penny
245 0 _aPregnancy, childbirth, and the newborn : the complete guide
260 _aNew York
260 _bMeadowbrook
260 _c1991
300 _a311 p
650 _aPregnancy_Popular works Childbirth_Popular works Infants (Newborn)_Care Infant Care_popular works Labor_popular works Pregnancy_popular works
942 _cBK
999 _c33785
_d33785